बच्चन : (Record no. 113295)

MARC details
000 -LEADER
fixed length control field 01167nam a22002537a 4500
005 - DATE AND TIME OF LATEST TRANSACTION
control field 20170124102951.0
010 ## - LIBRARY OF CONGRESS CONTROL NUMBER
LC control number B-113560
020 ## - INTERNATIONAL STANDARD BOOK NUMBER
Terms of availability 190.00
International Standard Book Number 0179610101
035 ## - SYSTEM CONTROL NUMBER
System control number B-113560
037 ## - SOURCE OF ACQUISITION
Source of stock number/acquisition Cen Lib/Ret
040 ## - CATALOGING SOURCE
Original cataloging agency DPL
Language of cataloging HN
082 ## - DEWEY DECIMAL CLASSIFICATION NUMBER
Classification number 821.08
Item number घोषश्या
100 ## - MAIN ENTRY--PERSONAL NAME
Personal name घोष, श्यामसुन्दर
9 (RLIN) 44816
245 ## - TITLE STATEMENT
Title बच्चन :
Statement of responsibility, etc श्यामसुन्दर घोष
Remainder of title एक अभिनव मूल्यांकन /
246 ## - VARYING FORM OF TITLE
Title proper/short title Bachchan : ek abhinav moolyankan /
Remainder of title by Shyamsundar Ghosh
260 ## - PUBLICATION, DISTRIBUTION, ETC. (IMPRINT)
Place of publication, distribution, etc मुंबई
Name of publisher, distributor, etc यश पब्लिकेशन्स
Date of publication, distribution, etc 2003
270 ## - ADDRESS
City मुंबई
Address 413/141, श्रेयाश कालोनी, गोर गाँव ईस्ट
300 ## - PHYSICAL DESCRIPTION
Extent 192पृ.
Dimensions 21सेमी (सजिल्द)
650 ## - SUBJECT ADDED ENTRY--TOPICAL TERM
Topical term or geographic name as entry element हिन्दी -- साहित्य
9 (RLIN) 51572
650 ## - SUBJECT ADDED ENTRY--TOPICAL TERM
Topical term or geographic name as entry element हिन्दी -- बच्चन और उनके समकालीन
9 (RLIN) 51573
650 ## - SUBJECT ADDED ENTRY--TOPICAL TERM
Topical term or geographic name as entry element Hindi -- literature
9 (RLIN) 51574
650 ## - SUBJECT ADDED ENTRY--TOPICAL TERM
Topical term or geographic name as entry element Hindi - Bachchan and his contemporaries
9 (RLIN) 51575
942 ## - ADDED ENTRY ELEMENTS (KOHA)
Source of classification or shelving scheme Dewey Decimal Classification
Koha item type Hindi Books
Classification part 821.08
Call number suffix घोषश्या
Holdings
Withdrawn status Lost status Damaged status Not for loan Home library Current library Date acquired Source of acquisition Cost, normal purchase price Total Checkouts Full call number Barcode Date last seen Copy number Cost, replacement price Price effective from Koha item type Source of classification or shelving scheme Collection code Public note
        Central Library Central Library 12/08/2015 Cen Lib/Ret 190.00   821.08 घोषश्या B-113560 12/08/2015 1 190.00 12/08/2015 Hindi Books      
        Sarojini Nagar Sarojini Nagar 18/10/2021       821.08 घोषश्या B-113561 18/10/2021   190.00 18/10/2021 Hindi Books Dewey Decimal Classification Non-fiction Withdrawn List Prepared List No.35/03

© Delhi Public Library
Hit Counter
free hit counter